000 00714nam a2200229Ia 4500
003 OSt
005 20220925204302.0
006 a|||||r|||| 00| 0
007 ta
008 220923b |||||||| |||| 00| 0 eng d
037 _cGeneral Book
040 _aRTL
_cRTL
_beng
041 _2eng
_aeng
082 _aJ B.3.N39, G9
100 _aVaren J Van Der
_9268030
245 0 _aOrganisation of technical instruction for agriculturists
260 _aGeneva
_bLeague of Nations
_c1939
300 _a29 p
_ccm.
490 _aSeries of League of Nations publications, European conference on rural life. 14)
942 _hJ B.3.N39, G9
_cGB
_2CC
999 _c548990
_d548990